Home Print Resources E-Books E-Journals IIMT Lecture Series Library Membership Form Book Recommendation Form Campus Tour Take AdmissionAbout Us Contact Us

COMMUNICATION FOR BUSINESS (Record no. 2680)

000 -LEADER
fixed length control field 00374nam a2200157Ia 4500
003 - CONTROL NUMBER IDENTIFIER
control field OSt
005 - DATE AND TIME OF LATEST TRANSACTION
control field 20240208102600.0
008 - FIXED-LENGTH DATA ELEMENTS--GENERAL INFORMATION
fixed length control field 170524s9999 xx 000 0 und d
020 ## - INTERNATIONAL STANDARD BOOK NUMBER
International Standard Book Number 978-0582381643
040 ## - CATALOGING SOURCE
Transcribing agency IIMT UNIVERSITY
100 ## - MAIN ENTRY--PERSONAL NAME
Personal name TAYLOR, SHIRLEY
245 #0 - TITLE STATEMENT
Title COMMUNICATION FOR BUSINESS
260 ## - PUBLICATION, DISTRIBUTION, ETC.
Place of publication, distribution, etc. NEW DELHI
Name of publisher, distributor, etc. PEARSON
Date of publication, distribution, etc. 2011
300 ## - PHYSICAL DESCRIPTION
Extent 437
942 ## - ADDED ENTRY ELEMENTS (KOHA)
Source of classification or shelving scheme
Koha item type Book Bank
Holdings
Withdrawn status Lost status Source of classification or shelving scheme Damaged status Not for loan Home library Current library Date acquired Coded location qualifier Barcode Date last seen Uniform Resource Identifier Price effective from Koha item type Public note
          IIMT University Central Library Meerut IIMT University Central Library Meerut 05/30/2017 Dept. MBA 01-B-20648 05/30/2017 MANAGEMENT 05/30/2017 Book Bank
          IIMT University Central Library Meerut IIMT University Central Library Meerut 05/30/2017   01-B-20649 05/30/2017 MANAGEMENT 05/30/2017 Book Bank  
          IIMT University Central Library Meerut IIMT University Central Library Meerut 05/30/2017   01-B-20650 05/30/2017 MANAGEMENT 05/30/2017 Book Bank
          IIMT University Central Library Meerut IIMT University Central Library Meerut 05/30/2017   01-B-20651 05/30/2017 MANAGEMENT 05/30/2017 Book Bank  
          IIMT University Central Library Meerut IIMT University Central Library Meerut 05/30/2017   01-B-20652 05/30/2017 MANAGEMENT 05/30/2017 Book Bank  
          IIMT University Central Library Meerut IIMT University Central Library Meerut 05/30/2017   01-B-20653 05/30/2017 MANAGEMENT 05/30/2017 Book Bank  
          IIMT University Central Library Meerut IIMT University Central Library Meerut 05/30/2017   01-B-20654 05/30/2017 MANAGEMENT 05/30/2017 Book Bank  
IIMT, Central Library. All Rights Reserved IIMT,UNIVERSITY © 2023
Implemented and Customised by I CLOUDE EMS
You Are OPAC Visitor No
free web counter

Powered by Koha